ARRUPE JESUIT UNIVERSITY

CORONAVIRUS -STOP THE SPREAD - CLEAN,DISINFECT,COVER

Justification and application (Record no. 19084)

MARC details
000 -LEADER
fixed length control field 00727nam a2200277Ia 4500
003 - CONTROL NUMBER IDENTIFIER
control field 0100
008 - FIXED-LENGTH DATA ELEMENTS--GENERAL INFORMATION
fixed length control field 130303s9999 xx 000 0 und d
020 ## - INTERNATIONAL STANDARD BOOK NUMBER
International Standard Book Number 0262082179
040 ## - CATALOGING SOURCE
Transcribing agency ARRUPELIB
050 ## - LIBRARY OF CONGRESS CALL NUMBER
Classification number BJ1114.H264 1993
300 ## - PHYSICAL DESCRIPTION
Other physical details 197p. 24cm.
100 ## - MAIN ENTRY--PERSONAL NAME
Personal name Habermas, Jurgen
245 ## - TITLE STATEMENT
Title Justification and application
245 ## - TITLE STATEMENT
Remainder of title remarks on discourse ethics
260 ## - PUBLICATION, DISTRIBUTION, ETC. (IMPRINT)
Place of publication, distribution, etc Cambridge
260 ## - PUBLICATION, DISTRIBUTION, ETC. (IMPRINT)
Name of publisher, distributor, etc MIT Press
260 ## - PUBLICATION, DISTRIBUTION, ETC. (IMPRINT)
-- 1993
300 ## - PHYSICAL DESCRIPTION
Extent xxxi
440 ## - SERIES STATEMENT/ADDED ENTRY--TITLE
Title Discourse Ethics, IV.
650 ## - SUBJECT ADDED ENTRY--TOPICAL TERM
Topical term or geographic name as entry element ETHICS
650 ## - SUBJECT ADDED ENTRY--TOPICAL TERM
Topical term following geographic name as entry element Afro-American men--Louisiana--Fiction
650 ## - SUBJECT ADDED ENTRY--TOPICAL TERM
Location of event Death row inmates--Louisiana--Ficition
650 ## - SUBJECT ADDED ENTRY--TOPICAL TERM
Active dates Friendship--Louisiana--Ficition
700 ## - ADDED ENTRY--PERSONAL NAME
Personal name Cronin, Ciaran
942 00 - ADDED ENTRY ELEMENTS (KOHA)
Koha issues (borrowed), all copies 6
Holdings
Withdrawn status Lost status Source of classification or shelving scheme Damaged status Not for loan Collection code Home library Current library Shelving location Date acquired Total Checkouts Full call number Barcode Date last seen Date checked out Copy number Price effective from Koha item type
    Library of Congress Classification     Main Collection ARRUPE LIBRARY ARRUPE LIBRARY   04/03/2013 6 BJ1114.H264 1993 46003003046 22/09/2016 24/04/2014 1 04/03/2013 Monograph ( Printed materials)

 

Arrupe Library. PO Box MP320 Mt Pleasant, Harare, Zimbabwe
263 242 745411|librarian@aju.ac.zw